Bon Jovi Lieder - Sudden Death - Statistiken

Allgemein
  • Dieses Quiz wurde 74 mal gespielt
  • Das Durchschnittsergebnis liegt bei 12 aus 24
Answers on the Grid
Answers color-coded by a green-red scale on the quiz's grid according to % correct below.
Livin' On A Prayer
You Give Love A Bad Name
It's My Life
Runaway
Only Lonely
Always
I'll Be There For You
Never Say Goodbye
Wanted Dead Or Alive
Social Disease
Keep The Faith
Bed Of Roses
I Want You
In These Arms
Love Lies
Shot Through The Heart
The Price Of Love
Lay Your Hands On Me
Bad Medicine
Living In Sin
Stick to your guns
Raise Your Hands
Born To Be My Baby
Have A Nice Day
Bohemian Rhapsody
Still Loving You
Wind Of Change
No One Like You
Cheri, Cheri Lady
Hammer To Fall
Radio Ga Ga
Super Trouper
Always Somewhere
Total Eclipse Of The Heart
Is This Love
Jump
 
Antwortstatistiken
Antwort % Korrekt
It's My Life
87%
Livin' On A Prayer
84%
Bed Of Roses
73%
You Give Love A Bad Name
73%
Wanted Dead Or Alive
69%
Runaway
66%
Keep The Faith
65%
Always
60%
Bad Medicine
55%
Have A Nice Day
55%
Raise Your Hands
47%
In These Arms
45%
Lay Your Hands On Me
45%
Shot Through The Heart
45%
Born To Be My Baby
40%
Never Say Goodbye
40%
Stick to your guns
40%
I'll Be There For You
39%
Living In Sin
37%
Social Disease
37%
The Price Of Love
35%
I Want You
26%
Only Lonely
24%
Love Lies
19%
Keine übereinstimmenden Quizze gefunden
Verteilung der Resultate
Anzahl Personen mit jedem Resultat
Perzentil nach korrekt beantworteten Fragen
Ihre Resultats-Entwicklung
Sie haben dieses Quiz noch nicht gespielt